000 01208nam a22003497a 4500
003 CHAP
005 20220329143126.0
008 060601d2006 mx r 00110 spa d
010 _a92321
011 _a93293
035 _a103865
040 _cCHAP
090 _aTesis
100 1 _aMeneses Méndez, Domingo.
_974796
245 1 _aLa representaciones lingüisticas de la milpa en CH<U+00B4>OL
_c/por Domingo Meneses Méndez
260 _aSan Cristóbal de las Casas, Chis. :
_bEl autor,
_c2006.
300 _a112 h.
502 _aTesis (M.C.) - - UACH. Dirección de Centros Regionales Universitarios
590 _aALEPH
_b10
_c20130110
_lUCH01
_h1512
590 _aBATCH-UPD
_b10
_c20130110
_lUCH01
_h0828
590 _aBATCH-UPD
_b10
_c20130410
_lUCH01
_h0506
590 _aBATCH-UPD
_b10
_c20130914
_lUCH01
_h0928
590 _aCONVERSION
_b10
_c20130109
_lUCH01
_h1351
650 1 4 _aCholes
_xCultura.
_922855
650 1 4 _aIndios de Chiapas
_xLenguas.
_957596
650 1 4 _aLingüística.
_966979
901 _aBK
905 _aElisama A. H.
942 _cFOLL
949 _aTesis
_bBC
_cTES
_d00000000103865
_eTS1
_h45174
_i103865
_sb
949 _aTesis
_bBC
_cTES
_d33724000871216
_eTS2
_fc.2
_h45175
_i103865
_sb
999 _c92321
_d92321